000 00903nam a22003017a 4500
003 CHAP
005 20220329140525.0
008 971013s1964 r 00010 d
010 _a53290
011 _a54262
035 _a58413
040 _cCHAP
082 _a630.25
_bR6
100 0 0 _aRouel, Jean.
_9100305
245 _aManuel de géologie agrícole...
260 _aParis :
_bBailliere,
_c1964
300 _a218 p.
490 _aCollection d'Enseignement agricole
590 _aBATCH-UPD
_b10
_c20130110
_lUCH01
_h0347
590 _aBATCH-UPD
_b10
_c20130410
_lUCH01
_h0021
590 _aBATCH-UPD
_b10
_c20130914
_lUCH01
_h1008
590 _aCONVERSION
_b10
_c20130109
_lUCH01
_h1329
650 1 4 _aGeología agrícola.
_947646
830 0 _aCollection d'Enseignement agricole
_925219
901 _aBK
942 _cLIBRO
949 _a630.25 R6
_bBC
_cLIBRO
_d33724000029724
_eLIBRO
_h14172
_i58413
_si
999 _c53290
_d53290